Los derechos de los trabajadores en el franquismo

Detalles Bibliográficos
Autor principal: Ruiz Resa, Josefa Dolores
Formato: Libro
Lenguaje:español
Publicado: Madrid Dykinson 2015
Materias:
Acceso en línea:Acceso restringido

MARC

LEADER 00000nam a22000007a 4500
005 20151202122710.0
007 cr|||| ||u|
008 151202s2015 sp ||||| |||| 00||0 spa d
020 |a 978-84-9085-206-4 
035 |a 12937 
040 |a vLex 
090 |c 5700  |d 5700 
100 1 |a Ruiz Resa, Josefa Dolores 
245 1 4 |a Los derechos de los trabajadores en el franquismo  |h [Recurso electrn̤ico] /  |c Josefa Dolores Ruiz Resa  
256 |a Servicio en ln̕ea 
260 |a Madrid  |b Dykinson  |c 2015 
300 |a 1 recurso electrn̤ico 
500 |a El objetivo de este estudio es analizar el tratamiento dado al trabajo y a los derechos derivados de ľ durante el franquismo, derechos que denominaremos socio-laborales. Se atender ̀bs̀icamente al discurso oficial, es decir, el discurso admitido y sustentado desde los presupuestos y las ideologa̕s de cabecera del Rǧimen, discurso en el que no sl̤o participaron sus idel̤ogos y defensores confesos. Por lo dems̀, se tendr ̀en cuenta que algunos de sus contenidos ya estaban presentes en perid̤icos histr̤icos anteriores y, aunque este asunto no ser ̀abordado, tambiň se tendr ̀en cuenta que algunas de las normas jurd̕icas e instituciones del Rǧimen siguen estando presentes en la Espaą actual. Esta circunstancia evidencia las continuidades que canaliza el derecho, ms̀ all ̀de los cambios de Rǧimen polt̕ico, entendiendo el derecho no sl̤o como conjunto de normas jurd̕icas sino tambiň incluyendo en ľ las instituciones necesarias para su aplicacin̤ e interpretacin̤ y el conjunto de valores culturales que determinan la visin̤ que los miembros de una comunidad tienen de su derecho, incluidos los operadores jurd̕icos. Para llevar a cabo este trabajo, se analizarǹ el conjunto de presupuestos, ideas y argumentos que cabe extraer del discurso polt̕ico del Rǧimen, su Derecho y la doctrina jurd̕ica cientf̕ica que se produjeron en torno a esta temt̀ica. 
506 1 |a Contenido solo disponible en los productos indicados  |d vLex Global  |d vLex Global (Academic Edition, excluding Law Schools)  |d vLex Global (U.S. Academic Edition, Law Schools)  |d vLex Global (U.S. Academic Edition, excluding Law Schools)  |d vLex Global (Academic Edition, Law Schools) 
650 0 4 |a Drets dels treballadors  |z Espaą 
740 0 |a vLex libros (servicio en ln̕ea) 
856 4 0 |u http://vlex.com/source/derechos-de-los-trabajadores-en-el-franquismo-12937  |z Acceso restringido 
942 |c BOOK 
999 0 |a Employee rights